Score 0/12 Timer 05:00
7 Plays Today
Country % Correct
Germany
94%
France
81.5%
Sweden
77.5%
Ireland
76.3%
Denmark
75.2%
Belgium
74.2%
Estonia
73.5%
Greece
71.5%
Netherlands
70.7%
Czechia
62.1%
Luxembourg
60.4%
Slovenia
58.6%
Remove Ads.
Support Sporcle.
Get the best of Sporcle when you Go Orange. This ad-free experience offers more features, more stats, and more fun while also helping to support Sporcle. Thank you for becoming a member.

You're not logged in!

Compare scores with friends on all Sporcle quizzes.
OR
Log In

Show Comments

Extras

Top Quizzes Today


Score Distribution

Your Account Isn't Verified!

In order to create a playlist on Sporcle, you need to verify the email address you used during registration. Go to your Sporcle Settings to finish the process.

Report this User

Report this user for behavior that violates our Community Guidelines.

Details: